اقبالیات / (Record no. 172413)

MARC details
000 -LEADER
fixed length control field 00518nam a22001817a 4500
005 - DATE AND TIME OF LATEST TRANSACTION
control field 20200205101941.0
010 ## - LCCN (DPL NO)
LC control number A-688050
020 ## - INTERNATIONAL STANDARD BOOK NUMBER
Terms of availability 20.00
035 ## - SYSTEM CONTROL NUMBER
System control number A-688050
037 ## - SOURCE OF ACQUISITION
Source of stock number/acquisition BPPD/Pub.
082 ## - DEWEY DECIMAL CLASSIFICATION NUMBER
Classification number 841.08
100 ## - MAIN ENTRY--PERSONAL NAME
Personal name محمد امین اندرابی
245 ## - TITLE STATEMENT
Title اقبالیات /
Statement of responsibility, etc محمد امین اندرابی
260 ## - PUBLICATION, DISTRIBUTION, ETC. (IMPRINT)
Place of publication, distribution, etc Sri Nagar
Name of publisher, distributor, etc Iqbal Institute
Date of publication, distribution, etc 1989 ء
270 ## - ADDRESS
Address Kashmir University
City Sri Nagar
300 ## - PHYSICAL DESCRIPTION
Extent 155p.
Dimensions 21cm(Hb)
942 ## - ADDED ENTRY ELEMENTS (KOHA)
Source of classification or shelving scheme Dewey Decimal Classification
Item type Urdu Bks
Classification part 841.08
Call number suffix ا ق ب
Holdings
Withdrawn status Lost status Not for loan Collection code Home library Current library Date acquired Source of acquisition Cost, normal purchase price Full call number Barcode Copy number Cost, replacement price Koha item type
      Non-fiction Central Library Central Library 05/02/2020 BPPD/Ven. 20.00 841.08 ا ق ب A-688050 1 20.00 Urdu Bks

© Delhi Public Library
Hit Counter
free hit counter